Neoinformalidad en Centroamérica

সংরক্ষণ করুন:
গ্রন্থ-পঞ্জীর বিবরন
প্রধান লেখক: Pérez Sáinz, Juan Pablo
বিন্যাস: অজ্ঞাত
প্রকাশিত: San José: FLACSO. Programa Costa Rica
বিষয়গুলি:
ট্যাগগুলো: ট্যাগ যুক্ত করুন
কোনো ট্যাগ নেই, প্রথমজন হিসাবে ট্যাগ করুন!

MARC

LEADER 00000 a2200000 04500
001 11734
003
008 991231s d
040
090 |a 140601  
100 |a Pérez Sáinz, Juan Pablo  
245 |a Neoinformalidad en Centroamérica  
260 |a San José:   |b FLACSO. Programa Costa Rica  
300 |a 130 p.  
500 |a Bibliografía general: 36 ref  
650 |a SECTOR INFORMAL  
650 |a AJUSTE ESTRUCTURAL  
650 |a CAMBIO ECONOMICO  
650 |a CONDICIONES DE VIDA  
999 |c 16969  |d 16969